000 00581nam a2200193Ia 4500
999 _c10430
_d10430
003 OSt
005 20200514110953.0
008 190216s9999||||xx |||||||||||||| ||und||
020 _a9788170145882
040 _coclc
082 _a332.1
_bSUN/B
100 _aSundharam, K P M
_9501
245 0 _aBanking Theory Law & Practice
_cK P M Sundharam ; P N Vershney
250 _a12th ed.
260 _bSulthan Chand&Sons,
_c1999.
_aNew Delhi:
300 _a427p
650 0 _aSocial sciences
_vEconomics
_91086
942 _cBK
_2ddc
_h332.1
_iSUN/B
_k332.1
_mSUN/B